000 01589nam a22003614a 4500
001 ebr10116488
003 CaPaEBR
006 m u
007 cr cn|||||||||
008 020515s2002 ne a sb 100 0 eng
010 _z 2002106946
020 _z1586032674
040 _aCaPaEBR
_cCaPaEBR
035 _a(OCoLC)52993568
050 1 4 _aQA76.9.D5
_bP4 2001eb
082 0 4 _a005.1
_222
111 2 _aPDDA 2001
_d(2001 :
_cMunich, Germany)
245 1 0 _aPerformance-oriented application development for distributed architectures
_h[electronic resource] :
_bperspectives for commercial and scientific environments /
_cedited by M. Gerndt.
260 _aAmsterdam ;a Washington, D.C. :
_bIOS Press,
_c2002.
300 _av, 100 p. :
_bill.
500 _aAlso published as volume 10, no. 1 of the journal Scientific programming.
504 _aIncludes bibliographical references.
533 _aElectronic reproduction.
_bPalo Alto, Calif. :
_cebrary,
_d2013.
_nAvailable via World Wide Web.
_nAccess may be limited to ebrary affiliated libraries.
650 0 _aElectronic data processing
_xDistributed processing
_vCongresses.
650 0 _aApplication software
_vCongresses.
650 0 _aComputer architecture
_vCongresses.
650 0 _aHigh performance computing
_vCongresses.
655 7 _aElectronic books.
_2local
700 1 _aGerndt, Michael.
710 2 _aebrary, Inc.
730 0 _aScientific programming.
_nVol. 10, no. 1.
856 4 0 _uhttp://site.ebrary.com/lib/rucke/Doc?id=10116488
_zAn electronic book accessible through the World Wide Web; click to view
999 _c104531
_d104531